000 00596nam a2200193 4500
003 LK-CoMWRAF
005 20240103095927.0
008 230906b1991 |||||||| |||| 00| 0 eng d
020 _a9559127012
040 _aLK-CoMWRAF
_dLK-CoMWRAF
_eLK-CoMWRAF
041 _aeng
082 _a891.483
_bDIA
100 _aඩයස්, සිඩ්නි මාකස්
_vDias, Sydney Marcus
245 _aඇඳිරි නීතිය
246 _aAndiri neethiya
260 _aකටාන :
_bසුවඳ ප්‍ර‍කාශඳ,
_c1991
650 _aSINHALA FICTION-Short stories
942 _cBK
999 _c3423
_d3423